31鳥取県の市町村(選択形式) - Statistics

General Stats
  • This quiz has been taken 22 times
  • The average score is 15 of 19
Answers on the Map
Answers color-coded by a green-red scale on the quiz's map according to % correct below.
 
Answer Stats
Answer % Correct
01:鳥取市
95%
06:若桜町
89%
07:智頭町
89%
04:境港市
84%
05:岩美町
84%
09:三朝町
84%
10:湯梨浜町
84%
02:米子市
79%
08:八頭町
79%
13:日吉津村
79%
03:倉吉市
74%
12:北栄町
74%
14:大山町
74%
17:日南町
74%
11:琴浦町
68%
19:江府町
68%
15:南部町
63%
16:伯耆町
63%
18:日野町
63%
No matching quizzes found
Score Distribution
Percent of People with Each Score
Percentile by Number Answered
Your Score History
You have not taken this quiz